Las cuarenta / (Record no. 50523)

MARC details
000 -LEADER
campo de control de longitud fija 00607nam a2200205 i 4500
001 - NÚMERO DE CONTROL
campo de control 50523
003 - IDENTIFICADOR DE NÚMERO DE CONTROL
campo de control ES-MaACL
005 - FECHA Y HORA DE LA ÚLTIMA TRANSACCIÓN
campo de control 20260301150926.0
007 - CAMPO FIJO DE DESCRIPCIÓN FÍSICA--INFORMACIÓN GENERAL
campo de control de longitud fija t|
008 - DATOS DE LONGITUD FIJA--INFORMACIÓN GENERAL
campo de control de longitud fija 030805s1973 sp ||||1| spa d
245 04 - MENCIÓN DEL TÍTULO
Título Las cuarenta /
Mención de responsabilidad, etc. selección y acordes de guitarra por el Equipo Telstar 33.
260 ## - PUBLICACIÓN, DISTRIBUCIÓN, ETC.
Lugar de publicación, distribución, etc. Barcelona :
Nombre del editor, distribuidor, etc. Hogar del Libro,
Fecha de publicación, distribución, etc. [1973]
300 ## - DESCRIPCIÓN FÍSICA
Extensión 90 p. :
Otras características físicas il. ;
Dimensiones 12 cm.
490 1# - MENCIÓN DE SERIE
Mención de serie Colección "Al viento"
710 2# - ENTRADA AGREGADA--NOMBRE DE ENTIDAD CORPORATIVA
Nombre de entidad corporativa o nombre de jurisdicción como elemento de entrada Equipo Telstar 33.
9 (RLIN) 3500
740 4# - ENTRADA AGREGADA--TÍTULO RELACIONADO/ANALÍTICO NO CONTROLADO
Título relacionado o analítico no controlado Las 40.
830 0# - PUNTO DE ACCESO ADICIONAL DE SERIE-TÍTULO UNIFORME
Título uniforme Colección Al viento
9 (RLIN) 230134
852 ## - LOCALIZACIÓN
Ubicación ES-MaACL
Número de control de estantería C-54497
Sublocalización o colección R.87485
Holdings
Estatus retirado Estado de pérdida Estado de daño No para préstamo Biblioteca de origen Biblioteca actual Ubicación en estantería Fecha de adquisición Fuente de adquisición Total de préstamos Signatura topográfica completa Código de barras Visto por última vez Precio de reemplazo Tipo de ítem Koha
        Biblioteca del Ateneo de Madrid Biblioteca del Ateneo de Madrid Depósito 2 17/01/2008     C-54497 1053145 23/02/2023 23/02/2023 Libro impreso